000 00534nam a2200205Ia 4500
005 20250326144516.0
008 250326s9999 xx 000 0 und d
037 _aTextbook
040 _aFMSL
_beng
_cFMSL
041 _aeng
_2eng
084 _aB2893 P3;P7
_qFMSL
100 _aWinston W L
_9741574
245 0 _aOperations research
_cWinston W L
250 _a4
260 _aUS
_bUS, Cengage
_c2003
365 _b646
650 _aOperations research
942 _cTB
_hB2893 P3;P7
999 _c1303972
_d1303972